Design, construction, and maintenance of PCC pavement joints.

Bibliographic Details
Corporate Authors: National Research Council (U.S.). Highway Research Board, American Association of State Highway Officials, United States. Federal Highway Administration
Format: Book
Language:English
Published: [Washington], [publisher not identified] ; 1973.
Series:Synthesis of highway practice ; 19.
Subjects:

MARC

Tag First Indicator Second Indicator Subfields
LEADER 00000cam a2200000 4500
001 in00000096744
005 20150925090323.0
008 740305s1973 dcua b f00000 eng
010 |a  73013164  
020 |a 0309022002  |c $3.60 
035 |a (OCoLC)00841317 
035 |9 AAL2457AM 
040 |a DLC  |c DLC  |d TXA  |d UtOrBLW 
049 |a TXAM  |c [1336268] 
050 0 0 |a TE278.2  |b .N37 1973 
082 0 |a 625.8/4 
110 2 |a National Research Council (U.S.).  |b Highway Research Board. 
245 1 0 |a Design, construction, and maintenance of PCC pavement joints. 
264 1 |a [Washington],  |b [publisher not identified] ;  |c 1973. 
300 |a 40 pages :  |b illustrations ;  |c 28 cm. 
336 |a text  |b txt  |2 rdacontent 
337 |a unmediated  |b n  |2 rdamedia 
338 |a volume  |b nc  |2 rdacarrier 
490 1 |a Synthesis of highway practice,  |v 19 
500 |a "Research sponsored by the American Association of State Highway Officials in cooperation with the Federal Highway Administration." 
504 |a Bibliography: pages 31-32. 
650 0 |a Pavements, Concrete  |x Joints. 
650 0 |a Portland cement. 
710 2 |a American Association of State Highway Officials. 
710 1 |a United States.  |b Federal Highway Administration. 
830 0 |a Synthesis of highway practice ;  |v 19. 
999 |a MARS 
999 f f |s fec4a4f2-fbcd-3bc3-9400-e7adc4b6be2c  |i b6706da5-ecd6-3b9f-a8c1-5a6eeb9581e5  |t 0 
952 f f |p ric  |a Texas A&M University  |b Rellis Campus  |c Joint Library Facility  |d Remote Storage  |t 0  |e TE278.2 .N37 1973  |h Library of Congress classification  |i unmediated -- volume  |m A14824004536 
998 f f |a TE278.2 .N37 1973  |t 0  |l Remote Storage